[Event "FRA-chT2 0405"]
[Site "France"]
[Date "2005.01.08"]
[Round "5.5"]
[White "Schabanel, Stephane"]
[Black "Duhayon, Yves"]
[Result "1-0"]
[WhiteElo "2232"]
[BlackElo "2233"]
[PlyCount "63"]
[EventDate "2004.10.10"]
[EventType "team"]
[EventRounds "11"]
[EventCountry "FRA"]
[SourceTitle "EXT 2006"]
[Source "ChessBase"]
[SourceDate "2005.11.24"]
[SourceVersion "1"]
[SourceVersionDate "2005.11.24"]
[SourceQuality "1"]
[WhiteTeam "Vincennes"]
[BlackTeam "Bagneux"]
[WhiteTeamCountry "FRA"]
[BlackTeamCountry "FRA"]

1. e4 e5 2. Nf3 Nc6 3. Bb5 g6 4. d4 exd4 5. c3 Nge7 6. cxd4 d5 7. exd5 Nxd5 8. 0-0 Bg7 9. Re1+ Be6 10. Bg5 Qb8 11. Qc1 0-0 12. Bxc6 bxc6 13. Bh6 Re8 14. Bxg7 Kxg7 15. Nbd2 Ne7 16. Ne4 Bd5 17. Qf4 Nf5 18. g4 Bxe4 19. Rxe4 Qxb2 20. Rae1 Nd6 21. Re7 Qxa2 22. Ng5 Rxe7 23. Rxe7 Rb8 24. Rxc7 Qd5 25. Qe5+ Kg8 26. Qxd5 cxd5 27. Rxa7 Nb5 28. Rd7 Nxd4 29. Nxf7 Nf3+ 30. Kg2 Rb3 31. g5 d4 32. Nh6+ 1-0

[Event "Paris FIDE op"]
[Site "Paris"]
[Date "2003.??.??"]
[Round "8"]
[White "Schabanel, Stephane"]
[Black "Landa, Konstantin"]
[Result "1-0"]
[WhiteElo "2271"]
[BlackElo "2614"]
[PlyCount "59"]
[EventDate "2003.07.05"]
[EventType "swiss"]
[EventRounds "9"]
[EventCountry "FRA"]
[SourceTitle "EXT 2005"]
[Source "ChessBase"]
[SourceDate "2004.11.15"]
[SourceVersion "1"]
[SourceVersionDate "2004.11.15"]
[SourceQuality "1"]

1. e4 c5 2. Nc3 a6 3. Nf3 e6 4. d4 cxd4 5. Nxd4 Qc7 6. f4 Nc6 7. Nxc6 Qxc6 8. Bd3 b5 9. Qe2 Bb7 10. Bd2 Rc8 11. a4 b4 12. Nd5 f5 13. Nxb4 Bxb4 14. Bxb4 fxe4 15. Bb5 Qb6 16. Qh5+ g6 17. Qe5 Kf7 18. 0-0-0 Nf6 19. Bxd7 Nd5 20. Ba5 Qe3+ 21. Kb1 Rhe8 22. Bxe8+ Rxe8 23. c4 Qb3 24. cxd5 Bxd5 25. Rxd5 exd5 26. Qd4 e3 27. Rc1 Re4 28. Rc7+ Ke6 29. Rc6+ Kd7 30. Qa7+ 1-0